|
|
|
|
| LEADER |
00792nab#a2200313#ar4500 |
| 001 |
000040813 |
| 003 |
SVKKK |
| 005 |
00000000000000.0 |
| 008 |
c xo e sloo |
| FMT |
|
|
|
| 038 |
|
|
|a SVKKK
|
| 040 |
|
|
|a SVKKK
|b slo
|e AACR2
|
| 041 |
1 |
|
|a slo
|h HUN
|
| 044 |
|
|
|a xo
|c SK
|
| 080 |
|
|
|a 371=945.1
|2 1981
|
| 100 |
1 |
|
|a Öll‹s, László
|4 aut
|
| 242 |
1 |
0 |
|a Náš nový argument
|
| 245 |
1 |
0 |
|a Új érvünk
|c Öll‹s László,
|
| 300 |
|
|
|b Fotogr. 1
|
| 650 |
0 |
4 |
|a argumenty pre školy s vyučovacím jazykom maďarským
|x úvahy
|
| 650 |
0 |
4 |
|a vysvedčenia dvojjazyčné
|
| 650 |
0 |
4 |
|a školstvo maďarské
|
| 773 |
0 |
|
|t Katedra
|g Roč. 5, č. 3(1997), s. 3
|
| 958 |
|
|
|a PED
|
| 974 |
|
|
|d 971210
|a Fa
|
| 992 |
|
|
|a RBX
|
| BAS |
|
|
|
| 852 |
|
|
|a SVKKK
|b BIB
|
| 998 |
|
|
|a REG
|